Missing Word: Action Comedies Quiz Stats

 Plays Quiz Updated Mar 11, 2016

Challenge
Share
Tweet
Embed
Score 0/18 Timer 02:00
6 Plays Today
Movie Missing Word % Correct
Men In _____Black
98.5%
_____ PowersAustin
95.9%
Mr. & Mrs. _____Smith
94.6%
Lethal _____Weapon
94%
Beverly Hills _____Cop
91.1%
_____ DundeeCrocodile
88.6%
_____ HourRush
88.1%
Tropic _____Thunder
86.9%
The _____ BrothersBlues
84.2%
Movie Missing Word % Correct
Scott Pilgrim vs. The _____World
74.9%
_____ And The BanditSmokey
74.7%
_____ ExpressPineapple
74%
_____ BoysBad
73.2%
Get _____Smart
71.4%
_____ And DayKnight
68.5%
True _____Lies
62.2%
Big Trouble In Little _____China
61.8%
Hot _____Fuzz
52.3%

Today's Daily Dose

You're not logged in!

Compare scores with friends on all Sporcle quizzes.
OR
Log In

You Might Also Like...

Show Comments

Extras

Top Quizzes Today


Score Distribution

Your Account Isn't Verified!

In order to create a playlist on Sporcle, you need to verify the email address you used during registration. Go to your Sporcle Settings to finish the process.

Report this User

Report this user for behavior that violates our Community Guidelines.

Details: